Statistics for Friends "Lightning Round" Questions

Click here to take the quiz!

General Stats

  • This quiz has been taken 254 times
  • The average score is 6 of 10

Answer Stats

Question Answer % Correct
What was Monica's nickname when she was a field hockey goalie?Big Fat Goalie
96%
Monica categorizes her towels, how many categories are there?11
79%
Chandler was how old when he first touched a girl's breast?19
77%
In what part of her body did Monica get a pencil stuck at age 14?Ear
76%
Her actual favourite movie isWeekend At Bernie's
73%
What is Joey's favourite food?Sandwiches
70%
His profession was?Space Cowboy
66%
Joey had an imaginary childhood friend. His name was?Maurice
55%
Rachel claims this is her favourite movieDangerous Liaisons
27%
What is Chandler Bing's job?Statistical Analysis and Data Reconfiguration
15%

Score Distribution

Percentile by Number Answered

Percent of People with Each Score

Your Score History

You have not taken this quiz